000
00321nam a2200133Ia 4500
008
191201s2010 xx 000 0 und d
082
_a
658.406
_b
SIO
100
_a
SINGH, Kavita
245
0
_a
Organisation Change and Development
260
_a
N. Delhi
_b
Excel Books
_c
2010
300
_a
350
650
_a
BBA
942
_2
ddc
_c
BK
999
_c
63
_d
63